LEADER 01101cam2 22002891 450 001 SOBE00019460 005 20111110100645.0 100 $a20111110d1962 |||||ita|0103 ba 101 $aspa 102 $aES 200 0 $a1 210 $aMadrid$cAtlas$d1962 215 $aXLIII, 419 p.$c1 ill.$d26 cm 225 2 $aBiblioteca de autores espaņoles$h(continuacion)$v146 410 1$1001SOBE00018834$12001 $a*Biblioteca de autores espaņoles. (continuacion)$v146 461 1$1001SOBE00019458$12001 $aMemorias del general Don Francisco Espoz y Mina / edicion y estudio preliminar de D. Miguel Artola Gallego 700 1$aEspoz y Mina$b, Francisco$3SOBA00001591$4070$0196941 702 1$aArtola Gallego, Miguel$3SOBA00001593$4070 801 0$aIT$bUNISOB$c20111110$gRICA 850 $aUNISOB 852 $aUNISOB$j860|Coll|1|K$m20214 912 $aSOBE00019460 940 $aM 102 Monografia moderna SBN 941 $aW 957 $a860|Coll|1|K$b000039$i-1$gSI$d20214$racquisto$tI$1vittorini$2UNISOB$3UNISOB$420111110100251.0$520120510091601.0$6vittorini 996 $a1$91720248 997 $aUNISOB